Devops tools from practitioners viewpoint (Record no. 241062)

MARC details
000 -LEADER
fixed length control field 01424nam a22002417a 4500
005 - DATE AND TIME OF LATEST TRANSACTION
control field 20260325151548.0
008 - FIXED-LENGTH DATA ELEMENTS--GENERAL INFORMATION
fixed length control field 260325b |||||||| |||| 00| 0 eng d
020 ## - INTERNATIONAL STANDARD BOOK NUMBER
International Standard Book Number 9788126579950
040 ## - CATALOGING SOURCE
Transcribing agency AL
041 ## - LANGUAGE CODE
Language code of text/sound track or separate title eng
082 ## - DEWEY DECIMAL CLASSIFICATION NUMBER
Classification number 005.768
Item number GAID
100 ## - MAIN ENTRY--PERSONAL NAME
Personal name Deepak Gaikwad
100 ## - MAIN ENTRY--PERSONAL NAME
9 (RLIN) 259295
245 ## - TITLE STATEMENT
Title Devops tools from practitioners viewpoint
260 ## - PUBLICATION, DISTRIBUTION, ETC.
Place of publication, distribution, etc. New Delhi
Name of publisher, distributor, etc. Wiley
Date of publication, distribution, etc. 2019
300 ## - PHYSICAL DESCRIPTION
Extent xix,154p
Other physical details PB
Dimensions 24x18cm
365 ## - TRADE PRICE
Source of price type code Information Science and Engineering
Price type code VBI-2645
Price amount ₹561.75
Currency code
Unit of pricing 749.00
Price note 25%
Price effective from 20-02-2026
520 ## - SUMMARY, ETC.
Summary, etc. This book includes proven step-by-step methodology to adopt DevOps in any project. It provides precise knowledge of tools to architect effective pipelines by selecting tools suitable for specific scenarios. Readers can do this by using features, comparative study, pros and cons, reference architectures and much more about most of the popular tools in open-source and proprietary market. Basic and advance Agile and DevOps concepts in practical context have been discussed to lay strong knowledge foundation for the readers. As DevOps is a continuous process, the establishment of governance around DevOps has been discussed to ensure that projects continue to evolve as they progress in this journey.
650 ## - SUBJECT ADDED ENTRY--TOPICAL TERM
Topical term or geographic name entry element Agile Methodology
9 (RLIN) 259296
650 ## - SUBJECT ADDED ENTRY--TOPICAL TERM
Topical term or geographic name entry element Tool Suits
9 (RLIN) 259297
650 ## - SUBJECT ADDED ENTRY--TOPICAL TERM
Topical term or geographic name entry element Infrastructure Management
9 (RLIN) 259298
700 ## - ADDED ENTRY--PERSONAL NAME
Personal name Thakkar, Viral
9 (RLIN) 259299
942 ## - ADDED ENTRY ELEMENTS (KOHA)
Source of classification or shelving scheme Dewey Decimal Classification
Koha item type Book
Holdings
Withdrawn status Lost status Source of classification or shelving scheme Damaged status Not for loan Collection code Home library Current library Date acquired Source of acquisition Cost, normal purchase price Total Checkouts Full call number Barcode Date last seen Cost, replacement price Price effective from Koha item type
    Dewey Decimal Classification     Information Science and Engineering St Aloysius Engineering Library St Aloysius Engineering Library 02/20/2026 Vidyathri Books, Bengaluru-560076 561.75   005.768 GAID SE000346 03/25/2026 749.00 02/20/2026 Book